The efficacy of Ayurvedic single and compound drugs to control diabetes mellitus / (Record no. 81962)
[ view plain ]
| 000 -LEADER | |
|---|---|
| fixed length control field | 00981nam a2200253 a 4500 |
| 001 - CONTROL NUMBER | |
| RUCL Control Number | 81962 |
| 003 - CONTROL NUMBER IDENTIFIER | |
| rucl marc code | BD-RjUL |
| 005 - DATE AND TIME OF LATEST TRANSACTION | |
| control field | 20230921104917.0 |
| 008 - FIXED-LENGTH DATA ELEMENTS--GENERAL INFORMATION | |
| fixed length control field | 230921s2013 bg a|||| m||| 00| 0 eng d |
| 035 ## - SYSTEM CONTROL NUMBER | |
| system control number | (BD-RjUL)81962 |
| 040 ## - CATALOGING SOURCE | |
| Original cataloging agency | BD-RjUL |
| Language of cataloging | eng |
| Transcribing agency | BD-RjUL |
| Modifying agency | BD-RjUL |
| 041 ## - LANGUAGE CODE | |
| Language code of Book | eng |
| 082 ## - DEWEY DECIMAL CLASSIFICATION NUMBER | |
| DDC Edition number | 23 |
| Classification number | 616.46206 |
| Author mark and Year | RAE 2013 |
| 100 ## - MAIN ENTRY--PERSONAL NAME | |
| Personal name | Rahaman, Md. Toyebur |
| 9 (RLIN) | 9119 |
| 245 10 - TITLE STATEMENT | |
| Title | The efficacy of Ayurvedic single and compound drugs to control diabetes mellitus / |
| Statement of responsibility, etc | Md. Toyebur Rahaman |
| Name of Supervisor/Co-Supervisor | Supervisor : Gour Pada Ghosh,Co-Supervisor : Monira Ahshan |
| 260 ## - PUBLICATION, DISTRIBUTION, ETC. (IMPRINT) | |
| Place of publication, distribution, etc | Rajshahi : |
| Name of publisher, distributor, etc | Department of Botany, University of Rajshahi, |
| Date of publication, distribution, etc | 2013 |
| 300 ## - PHYSICAL DESCRIPTION | |
| Pagination | [4], x, [1[, 75 leaves : |
| Other physical details | ill.; |
| Dimensions | 29 cm. |
| 502 ## - DISSERTATION NOTE | |
| Dissertation note | Thesis (M. Phil.) -- Department of Botany, University of Rajshahi,2013 |
| 504 ## - BIBLIOGRAPHY, ETC. NOTE | |
| Bibliography, etc | References : Leaves 67-75 |
| 650 ## - SUBJECT ADDED ENTRY--TOPICAL TERM | |
| Topical term or geographic name as entry element | Diabetes Mellitus |
| General subdivision | Drugs |
| 9 (RLIN) | 9120 |
| 700 ## - ADDED ENTRY--SUPERVISOR/CO-SUPERVISOR NAME | |
| Personal name | Ghosh, Gour Pada, Supervisor |
| 9 (RLIN) | 9121 |
| Personal name | Ahshan, Monira, Co-Supervisor |
| 9 (RLIN) | 9122 |
| 942 ## - ADDED ENTRY ELEMENTS (KOHA) | |
| Source of classification or shelving scheme | Dewey Decimal Classification |
| Koha item type | Theses |
| Source of classification or shelving scheme | Damaged status | Not for loan | Collection code | Permanent Location | Current Location | Shelving location | Date of accession | Source of acquisition | Total Checkouts | Full call number | Barcode | Date last seen | Copy number | Thesis |
|---|---|---|---|---|---|---|---|---|---|---|---|---|---|---|
| Dewey Decimal Classification | Not For Loan | Theses | Central Library, University of Rajshahi | Central Library, University of Rajshahi | Documentation Section | 22/12/2014 | Controller of Exam. R.U. | THE 616.46206 RAE 2013 | D3763 | 21/09/2023 | C-1 | Theses |